000 00452nab a2200145Ia 4500
003 ES-SlBCS
005 20210601142714.0
008 140529s2011 xxu||||| |||| 00| 0 spa d
041 _aspa
100 1 _aCastells, Pere
_9123297
245 0 0 _aLa xantana, el espesante del futuro
_c Pere Castells
650 0 4 _aXantana
_9276014
773 0 _tInvestigacion y Ciencia (Traducción de: Scientific American)
_gnº. 423, 2011, págs. 49
_wRev1650
942 _cAR
999 _c680813
_d680813